Discurso leído en la Universidad de Zaragoza en la solemne apertura del curso académico de 1895 a 1896 [tema: Carácter y trascendencia de las matemáticas] / (Record no. 68370)

MARC details
000 -LEADER
campo de control de longitud fija 00720nam a22001935i 4500
001 - NÚMERO DE CONTROL
campo de control 68370
003 - IDENTIFICADOR DE NÚMERO DE CONTROL
campo de control ES-MaACL
005 - FECHA Y HORA DE LA ÚLTIMA TRANSACCIÓN
campo de control 20250929063129.0
007 - CAMPO FIJO DE DESCRIPCIÓN FÍSICA--INFORMACIÓN GENERAL
campo de control de longitud fija t|
008 - DATOS DE LONGITUD FIJA--INFORMACIÓN GENERAL
campo de control de longitud fija 960801s1895 sp ||||1| spa d
040 ## - FUENTE DE CATALOGACIÓN
Centro catalogador/agencia de origen CAM
Lengua de catalogación spa
Centro/agencia transcriptor CAM
100 1# - ENTRADA PRINCIPAL--NOMBRE DE PERSONA
Nombre de persona García de Galdeano, Zoel,
Fechas asociadas al nombre 1846-1924
9 (RLIN) 54429
245 10 - MENCIÓN DEL TÍTULO
Título Discurso leído en la Universidad de Zaragoza en la solemne apertura del curso académico de 1895 a 1896 [tema: Carácter y trascendencia de las matemáticas] /
Mención de responsabilidad, etc. por Zoel García de Galdeano.
260 ## - PUBLICACIÓN, DISTRIBUCIÓN, ETC.
Lugar de publicación, distribución, etc. Zaragoza :
Nombre del editor, distribuidor, etc. [s.n.],
Fecha de publicación, distribución, etc. 1895 (
Fabricante Imprenta de Calixto Ariño)
300 ## - DESCRIPCIÓN FÍSICA
Extensión 61 p. ;
Dimensiones 27 cm.
650 07 - PUNTO DE ACCESO ADICIONAL DE MATERIA--TÉRMINO DE MATERIA
Término de materia o nombre geográfico como elemento de entrada Matemáticas
Fuente del encabezamiento o término embne
9 (RLIN) 14814
852 ## - LOCALIZACIÓN
Ubicación ES-MaACL
Número de control de estantería T-776-F-3
Holdings
Estatus retirado Estado de pérdida Estado de daño No para préstamo Colección Biblioteca de origen Biblioteca actual Ubicación en estantería Fecha de adquisición Fuente de adquisición Total de préstamos Signatura topográfica completa Código de barras Visto por última vez Precio de reemplazo Tipo de ítem Koha
        Colección de folletos Biblioteca del Ateneo de Madrid Biblioteca del Ateneo de Madrid Depósito folletos 17/01/2008     T-776-F-3 1071571 23/02/2023 23/02/2023 Folleto